03095nam a2200577 a 4500008004100000020001500041041000800056092002100064100003100085245007700116250001100193260005900204300001600263500013600279590003100415653004300446653007000489653010900559653004100668653005200709653004600761653004600807653005000853653004100903653004800944653001900992653005701011653012501068653008101193653006501274653007601339653005401415653001801469653006301487653004401550653004301594653005701637653013801694653005401832653003801886653003301924653002701957653004301984653008302027653012302110653005802233653005502291942001202346999001502358952014402373110916s1998 ag ||||f |||| 00| 0 spa d a9500615525 aspa c616.833l52sMIC1 aMicheli, Federico E.91605 aEnfermedad de Parkinson y trastornos relacionados /cFederico E. Micheli a1a ed. aBuenos Aires:bEditorial Médica Panamericana;c1998. a343 p.bil. aMicheli, F. E. (1998). Enfermedad de Parkinson y trastornos relacionados. (1a ed.). Buenos Aires : Editorial Médica Panamericana. aDonación Septiembre 2011 aHistoria de la enfermedad de Parkinson aAnatomía de los núcleos de la base y estructuras relacionadas aOrganización anatomofuncional y fisiopatología de los ganglios basales: implicaciones terapéuticas aBioquímica de los ganglios basales aNeurofisiología de la enfermedad de Parkinson aPatología de la engermedad de Parkinson aEtiología de la enfermedad de Parkinson aEpidemiología de la enfermedad de Parkinson aGenética y enfermedad de Parkinson aDiagnóstico de la enfermedad de Parkinson aParkinsonismos aEnfermedad de Parkinson juvenil y de comienzo precoz aFarmacología de la levodopa, mecanismo de acción y bases de la falla en el largo plazo en la enfermedad de Parkinson aAgonistas dopaminérgicos para el tratamiento de la enfermedad de Parkinson aInhibidores de la monoaminooxidasa y enfermedad de Parkinson aInhibición de la Comt en el tratamiento de la enfermedad de Parkinson aTratamiento de la enfermedad de Parkinson de novo aFluctuaciones aManifestaciones psiquiátricas secundarias al tratamiento aDepresion en la enfermedad de Parkinson aDemencia en la enfermedad de Parkinson aTrastornos del sueño en la enfermedad de Parkinson aInsuficiencia automática en la enfermedad de Parkinson. Manejo de la insuficiencia autonómica en otros síndromes Parkinsonianos aTerapias emergentes en la enfermedad de Parkinson aParkinsonismo inducido por drogas aAtrofia olivopontocerebelosa aSindrome de Shy-Drager aDegeneración corticobasal ganglionar aParálisis supranuclear progresiva. sindrome de Steele- Richardson- Olszewsky aEstudios con tomografía por emisión de positrones en la enfermedad de Parkinson y otros síndromes Parkinsonianos aEscalas de valoración en la enfermedad de Parkinson aGrupos de autoayuda para los enfermos de Parkinson 2ddccBK c1002d1002 00102ddc40708REFaBFMbBFMcREFd2011-09-16l1o616.833 52 MICp2459r2014-11-06s2014-04-30tEj. 1w2011-09-16yREFzLIBRO DE CONSULTA